000 00235nam a2200097Ia 4500
008 190216s9999||||xx |||||||||||||| ||und||
100 _aSreedaramenon A
245 2 _aA Brief History Of The World
260 _bWb Saunders Co
942 _cBK
999 _c18625
_d18625